000 00561nam a2200205 a 4500
001 23848
003 CO-ViMGA
008 141112s2004 ck r 000 u spa d
020 _a9789583018831
040 _aCO-ViMGA
_bspa
_cCO-ViMGA
082 0 4 _aBISe
100 1 _aBisseuil, Rachel
_934550
245 1 0 _aEl elefante zed /
_cRachel Bisseuil
260 _aColombia :
_bpanAméricana
300 _a28p.
490 _aGolpe de corazon
650 1 4 _a2 : ELEFANTES - CUENTOS INFANTILES
_934551
650 1 4 _aCUENTOS INFANTILES FRANCESES
_97840
942 _2ddc
_cBK
999 _c31926
_d31926